000 00383nam a22001577a 4500
003 MPLRDC
005 20220104151501.0
008 210129b ||||| |||| 00| 0 eng d
082 _a411.7 ZYL
100 _a赵玉麟编
245 _a瑜珈式健康进食
_c
260 _a
_b树敦有限公司
_c1988
300 _b
650 _a身体活动--瑜珈
942 _cBK
_o411.7 ZYL
999 _c52399
_d52389